000 00558nam a22001577a 4500
005 20250130153247.0
008 250130b |||||||| |||| 00| 0 eng d
020 _a9780071402606
050 _aRC65
_b.P38
245 _aThe Patient History/ a LANGE medical book
_bevidence-based approach
_cedited by Lawrence M. Tierney, Mark C. Henderson
260 _aNew York
_bLange Medical Books/ McGraw-Hill Medical Publishing Division
_c2005
300 _axix. 600p.
_bill.
_c23.5cm
700 _aTierney, Lawrence M.
700 _aHenderson, Mark c.
942 _2lcc
_cBK
_n0
999 _c3263
_d3263